How to research (Record no. 10694)

000 -LEADER
fixed length control field 00450 a2200181 4500
020 ## - INTERNATIONAL STANDARD BOOK NUMBER
International Standard Book Number 9788176492430
082 ## - DEWEY DECIMAL CLASSIFICATION NUMBER
Classification number 001.42
090 ## - LOCALLY ASSIGNED LC-TYPE CALL NUMBER (OCLC); LOCAL CALL NUMBER (RLIN)
-- 6872
-- 6872
100 ## - MAIN ENTRY--PERSONAL NAME
Personal name Loraine Blaxter
110 ## - MAIN ENTRY--CORPORATE NAME
Corporate name or jurisdiction name as entry element Christina Hughes
245 ## - TITLE STATEMENT
Title How to research
Statement of responsibility, etc. Loraine Blaxter
250 ## - EDITION STATEMENT
Edition statement 2nd ed.
260 ## - PUBLICATION, DISTRIBUTION, ETC.
Place of publication, distribution, etc. New Delhi
Name of publisher, distributor, etc. Viva book private limited
300 ## - PHYSICAL DESCRIPTION
Extent 285 p.
650 ## - SUBJECT ADDED ENTRY--TOPICAL TERM
Topical term or geographic name entry element Research- - Methodology
700 ## - ADDED ENTRY--PERSONAL NAME
Personal name Loraine Blaxter
942 ## - ADDED ENTRY ELEMENTS (KOHA)
Koha item type Book
Call number prefix 001.42 BLA
Holdings
Withdrawn status Lost status Damaged status Not for loan Collection code Permanent Location Current Location Shelving location Date acquired Source of acquisition Cost, normal purchase price Total Checkouts Total Renewals Full call number Barcode Date last seen Date last checked out Price effective from Koha item type
        Computer Science Central Library (CL) Central Library (CL) First Floor - Computer Science 11/25/2002 Allied Book Company 232.44 2 1 001.42 BLA SEECS002779 01/26/2023 10/04/2018 01/05/2017 Book
© 2023 Central Library, National University of Sciences and Technology. All Rights Reserved.